Secret agent Jack Stalwart : the pursuit of the ivory poachers : Kenya /

Hlavní autor: Hunt, Elizabeth Singer
Další autoři: Williamson, Brian
Jazyk: Angličtina
Vydáno: London : Red Fox, 2007
Témata:
Fyzický popis: 107 s. : il.
Knihy
Uloženo v:
LEADER 01362nam a2200349za 4500
001 001001884
003 CZ BrMZK
005 20240620132100.0
007 ta
008 090123s2007 enka|||br |||||j engod
020 |a 9781862301283  |q (brož.) 
040 |a BOA001  |b cze 
072 7 |a 821.111(73)-3  |x Americká próza  |2 Konspekt  |9 25 
072 7 |a 821-93  |x Literatura pro děti a mládež (beletrie)  |2 Konspekt  |9 26 
080 |a 821.111(73)-32  |2 MRF 
080 |a 821-93  |2 MRF 
080 |a (0:82-321.3)  |2 MRF 
100 1 |a Hunt, Elizabeth Singer  |7 pna2007418521  |4 aut 
245 1 0 |a Secret agent Jack Stalwart :  |b the pursuit of the ivory poachers : Kenya /  |c Elizabeth Singer Hunt ; illustrated by Brian Williamson 
260 |a London :  |b Red Fox,  |c 2007 
300 |a 107 s. :  |b il. 
655 7 |a americké příběhy  |7 fd131795  |2 czenas 
655 7 |a dobrodružné příběhy  |7 fd132060  |2 czenas 
655 7 |a publikace pro děti  |7 fd133156  |2 czenas 
655 9 |a American stories  |2 eczenas 
655 9 |a adventure stories  |2 eczenas 
655 9 |a children's literature  |2 eczenas 
700 1 |a Williamson, Brian  |7 pna2007418522  |4 ill 
910 |a BOA001  |b AK-0002.723 
990 |a BK 
991 |b 200908  |y British Council Brno - Czech Republic  |z 000050475  |x 99 
996 7 |b 261E007298  |c AK-0002.723  |l Anglická knihovna/2.patro  |r ZHR  |n 9  |h LC-hun  |w 001001884  |u 000010  |a 0  |e BOA001  |j MZK50  |s A